<?xml version="1.0" encoding="UTF-8"?><?xml-stylesheet type="text/xsl" href="static/style.xsl"?><OAI-PMH xmlns="http://www.openarchives.org/OAI/2.0/" xmlns:xsi="http://www.w3.org/2001/XMLSchema-instance" xsi:schemaLocation="http://www.openarchives.org/OAI/2.0/ http://www.openarchives.org/OAI/2.0/OAI-PMH.xsd"><responseDate>2026-04-13T04:41:16Z</responseDate><request verb="GetRecord" identifier="oai:www.recercat.cat:2445/223751" metadataPrefix="marc">https://recercat.cat/oai/request</request><GetRecord><record><header><identifier>oai:recercat.cat:2445/223751</identifier><datestamp>2025-12-04T22:51:54Z</datestamp><setSpec>com_2072_1057</setSpec><setSpec>col_2072_478825</setSpec><setSpec>col_2072_478917</setSpec></header><metadata><record xmlns="http://www.loc.gov/MARC21/slim" xmlns:dcterms="http://purl.org/dc/terms/" xmlns:xsi="http://www.w3.org/2001/XMLSchema-instance" xmlns:doc="http://www.lyncode.com/xoai" xsi:schemaLocation="http://www.loc.gov/MARC21/slim http://www.loc.gov/standards/marcxml/schema/MARC21slim.xsd">
   <leader>00925njm 22002777a 4500</leader>
   <datafield ind2=" " ind1=" " tag="042">
      <subfield code="a">dc</subfield>
   </datafield>
   <datafield ind2=" " ind1=" " tag="720">
      <subfield code="a">Bueno i Torrens, David, 1965-</subfield>
      <subfield code="e">author</subfield>
   </datafield>
   <datafield ind2=" " ind1=" " tag="260">
      <subfield code="c">2025-10-20T14:19:52Z</subfield>
   </datafield>
   <datafield ind2=" " ind1=" " tag="260">
      <subfield code="c">2025-10-20T14:19:52Z</subfield>
   </datafield>
   <datafield ind2=" " ind1=" " tag="260">
      <subfield code="c">2025-10-18</subfield>
   </datafield>
   <datafield ind2=" " ind1=" " tag="260">
      <subfield code="c">2025-10-20T14:19:52Z</subfield>
   </datafield>
   <datafield ind2=" " ind1=" " tag="520">
      <subfield code="a">Entrar en segons quins fòrums d’internet o en xarxes socials com X pot ser, en moltes ocasions, com caminar per un terreny minat. Un comentari desafortunat o simplement que no agradi a algun dels participants i pot esclatar una tempesta d’insults i amenaces. L’odi digital és tan habitual que sovint el considerem part inevitable de les xarxes socials, i tendim a associar-lo a la mala educació d’alguns internautes. Però, què passaria si el llenguatge de l’odi a internet no fos només un reflex de mala educació? Què passaria si amagués patrons que recorden a altres formes de comunicació humanes relacionades a determinades alteracions de la personalitat? Un treball publicat recentment per dos investigadors de la Universitat de Texas, Andrew William Alexander i Hongbin Wang a &lt;em>Plos Digital Health&lt;/em>, mostra que els discursos d’odi que es troben a les xarxes socials comparteixen trets lingüístics característics amb els textos que fan persones amb trastorns de personalitat. Han cartografiat aquest fenomen amb tècniques matemàtiques i, quan l’han situat en un mapa conceptual del llenguatge, han vist que es troben molt a prop dels discursos típics vinculats a trastorns com el narcisisme, el límit de personalitat i l’antisocial.</subfield>
   </datafield>
   <datafield tag="653" ind2=" " ind1=" ">
      <subfield code="a">Discurs de l'odi</subfield>
   </datafield>
   <datafield tag="653" ind2=" " ind1=" ">
      <subfield code="a">Trastorns de la personalitat</subfield>
   </datafield>
   <datafield tag="653" ind2=" " ind1=" ">
      <subfield code="a">Hate speech</subfield>
   </datafield>
   <datafield tag="653" ind2=" " ind1=" ">
      <subfield code="a">Personality disorders</subfield>
   </datafield>
   <datafield ind2="0" ind1="0" tag="245">
      <subfield code="a">Els missatges d'odi a les xarxes s'assemblen a alteracions de la personalitat</subfield>
   </datafield>
</record></metadata></record></GetRecord></OAI-PMH>